000 00301nam a22001337a 4500
008 170602b xxu||||| |||| 00| 0 eng d
020 _a9780395904343
041 _aeng
080 _26TH
_a94
100 _a17
101 _aSHH
245 _aA HISTORY OF WESTERN SOCIETY
_cMCKAY,J.P
942 _2udc
_cBK
999 _c15622
_d15622